| 000 | 00693nam a2200229Ia 4500 | ||
|---|---|---|---|
| 005 | 20260430150232.0 | ||
| 008 | 008 250103s9999 xx 000 0 eng d | ||
| 037 | _aTheses | ||
| 040 | _aCRL | ||
| 040 | _beng | ||
| 040 | _ceng | ||
| 041 | _2eng | ||
| 041 | _aeng | ||
| 084 | _qCRL | ||
| 100 |
_aKohli Himani Au.; Sharma Sanjeev Kumar Gu.; Srivastava Sangeeta Gu. _91236889 |
||
| 245 | 0 | _aDesign and Analysis of Electronic healing devices for Biomedical Applications | |
| 260 | _c2022 | ||
| 300 | _a221p. | ||
| 700 |
_aUniversity of Delhi. Faculty of Interdisciplinary & Applied Sciences. Department of Electronics Science _91236887 |
||
| 942 | _cTH | ||
| 999 |
_c1849289 _d1849289 |
||